000 01024nac a22003257a 4500
001 BR0202583
003 BR-BrBNA
005 20240105122648.0
008 230509b bl.|||m| |||| 00| 0 por d
040 _aBR-BrBNA
_bpor
_cBiblioteca Nacional de Agricultura
072 _aF30
090 _a1720 BR0202583
100 1 _aDuarte, R.L.R.
100 1 _aVeloso, M.E. da C.
100 1 _aMelo, F.de B.
100 1 _aAthayde Sobrinho, C.
100 1 _aRibeiro, V.Q.
110 1 _aEMBRAPA Meio-Norte, Teresinha, PI (Brasil)
_93679
245 1 _aComportamento de cultivares de alho na microrregião de Picos-PI
260 3 _aTeresina, PI (Brasil):
_c1999.
300 _a14 p.
490 _aBoletim de Pesquisa - EMBRAPA Meio-Norte (Brazil)
_vno. 24
_xISSN 1413-1455
500 _a11 ref.; Summaries (En, Pt)
650 _aALHO
650 _aCOMPORTAMENTO DE VARIEDADE
650 _aCARACTERÍSTICAS AGRONÔMICAS
650 _aPIAUÍ
909 _a202312
_bLúcia Elande
_c55
_dLúcia Elande
942 _2AGRIS
_n0
_cMS
999 _c292178
_d292178